000 00869cad a22002055a 4500
001 E152508
008 110321q2010 xxk f 000 0 eng d
020 _a9781849170123
035 _a(Sirsi) u152508
041 0 _aeng
110 2 _aHistoric Scotland
_92914
245 0 0 _aRaising the bar
_ban introduction to Scotland's historic pubs
_h[electronic resource]
260 _a[S.l.]
_bHistoric Scotland
_c[2010?]
520 _aDiscusses various Scottish pub buildings and their architects. Highlights features which make them worthy of protection through listing.
590 _aKA
651 4 _aScotland
_y1999-
690 _aPROPERTY-COMMERCIAL PROPERTY-LEISURE PROPERTY-ENTERTAINMENT PROPERTY
856 4 0 _uhttps://www.historic-scotland.gov.uk/raising-the-bar-pubs-booklet.pdf
_zView the item free of charge (PDF file) at www.historic-scotland.gov.uk
942 _n0
999 _c112084
_d112084